| 000 | 00356cam a22001457a 4500 | ||
|---|---|---|---|
| 008 | 180718b1988 xxu||||| |||| 00| 0 eng d | ||
| 020 | _a8170350506 | ||
| 082 | _aY7x54 W644 | ||
| 245 | _aThe wild animals of India | ||
| 260 |
_aDelhi _bDaya _c1988 |
||
| 300 | _a159p. | ||
| 650 | _aAnimals | ||
| 650 | _aZoology - India | ||
| 650 | _aAnimal ecology - India | ||
| 999 |
_c400341 _d400341 |
||